Best Filipino stories : (Record no. 17841)

MARC details
000 -LEADER
fixed length control field 01009nam a2200193 a 4500
003 - CONTROL NUMBER IDENTIFIER
control field PILC
005 - DATE AND TIME OF LATEST TRANSACTION
control field 20240207131629.0
008 - FIXED-LENGTH DATA ELEMENTS--GENERAL INFORMATION
fixed length control field 080728s2007 xx 00 eng d
010 ## - LIBRARY OF CONGRESS CONTROL NUMBER
LC control number Acc#38941
020 ## - INTERNATIONAL STANDARD BOOK NUMBER
International Standard Book Number 9789715425551
040 ## - CATALOGING SOURCE
Transcribing agency Philippine Baptist Theological Seminary
050 ## - LIBRARY OF CONGRESS CALL NUMBER
Classification number Fil PR 9550.8
Item number Ab14 2007
245 10 - TITLE STATEMENT
Title Best Filipino stories :
Remainder of title the NVM Gonzalez awards, 2000-2005 /
Statement of responsibility, etc. Gemino H. Abad and Gregorio C. Brillantes, editors.
260 0# - PUBLICATION, DISTRIBUTION, ETC (IMPRINT)
Place of publication, distribution, etc. Diliman, QC :
Name of publisher, distributor, etc. UP Press,
Date of publication, distribution, etc. c2007.
300 ## - PHYSICAL DESCRIPTION
Extent xv, 243 p. ; 23 cm.
505 ## - FORMATTED CONTENTS NOTE
Formatted contents note Good intentions -- Dancers -- Days of Darkness, white nights -- Lavender -- The death of Fray Salvador Montano, Fallout -- Intersection -- We won't Cry About this -- The man who sold dreams -- Fireworks -- Undercurrents -- The hero of snore tango -- Rest stop -- leather -- Megaster -- At the ends of the hyphen -- Closopen -- Afterword: rising from the ash-covered loam -- NVM awards bionotes
650 ## - SUBJECT ADDED ENTRY--TOPICAL TERM
Topical term or geographic name as entry element SHORT STORIES, PHILIPPINE (ENGLISH)
942 ## - ADDED ENTRY ELEMENTS (KOHA)
Koha item type Circulation Books
Source of classification or shelving scheme Library of Congress Classification
Holdings
Withdrawn status Lost status Source of classification or shelving scheme Damaged status Not for loan Home library Current library Shelving location Date acquired Total Checkouts Full call number Barcode Date last seen Price effective from Koha item type
    Dewey Decimal Classification     PBTS Library PBTS Library Filipiniana Section 07/28/2008   Fil PR 9550.8 Ab14 2007 38941 02/04/2026 04/02/2015 Circulation Books

Philippine Baptist Theological Seminary | 19 Tacay Road, Central Guisad, Baguio City 2600, Philippines